[Event "Madurai Athens of the East op-C 4th"]
[Site "Madurai"]
[Date "2024.12.30"]
[Round "9"]
[White "Ebin, Benny"]
[Black "Vishnu, Vijay"]
[Result "1/2-1/2"]
[WhiteElo "1796"]
[BlackElo "1674"]
[PlyCount "74"]
[EventDate "2024.12.28"]
[EventType "swiss"]
[EventRounds "9"]
[EventCountry "IND"]
[SourceTitle "CB02_2025"]
[SourceDate "2025.01.08"]
[SourceVersion "1"]
[SourceVersionDate "2025.01.08"]
[SourceQuality "1"]

1. d4 d5 2. c4 e6 3. Nf3 a6 4. Qc2 dxc4 5. Qxc4 b5 6. Qc2 Bb7 7. Bg5 Be7 8. Bxe7 Nxe7 9. Nbd2 Nd7 10. e3 Bxf3 11. Nxf3 c5 12. Be2 Rc8 13. Qd2 Qb6 14. 0-0 0-0 15. Rfd1 Rfd8 16. Rac1 cxd4 17. Rxc8 Rxc8 18. Nxd4 Ne5 19. h3 h6 20. b3 b4 21. Nf3 N5c6 22. Bc4 a5 23. Rc1 Rd8 24. Qc2 Rd6 25. g4 Qd8 26. g5 h5 27. Kg2 Ng6 28. Qb2 Nh4+ 29. Nxh4 Qxg5+ 30. Kh2 Qxh4 31. Rg1 g6 32. Rc1 Qg5 33. Qe2 Qf6 34. Rg1 Ne5 35. f4 Rd2 36. fxe5 Rxe2+ 37. Bxe2 Qxe5+ 1/2-1/2

[Event "Madurai Athens of the East op-C 4th"]
[Site "Madurai"]
[Date "2024.12.29"]
[Round "4"]
[White "Manish, Kumar8"]
[Black "Ebin, Benny"]
[Result "1-0"]
[WhiteElo "1695"]
[BlackElo "1796"]
[PlyCount "64"]
[EventDate "2024.12.28"]
[EventType "swiss"]
[EventRounds "9"]
[EventCountry "IND"]
[SourceTitle "CB02_2025"]
[SourceDate "2025.01.08"]
[SourceVersion "1"]
[SourceVersionDate "2025.01.08"]
[SourceQuality "1"]

1. d4 d5 2. c4 e6 3. Nf3 Nf6 4. g3 Be7 5. Bg2 0-0 6. 0-0 dxc4 7. Qc2 b5 8. a4 b4 9. Ne5 Nd5 10. Nxc4 c5 11. dxc5 Ba6 12. e4 Nf6 13. b3 Qc7 14. Bb2 Nbd7 15. c6 Qxc6 16. e5 Nd5 17. Nbd2 Rac8 18. Rac1 Nc5 19. h4 Qc7 20. Rfe1 Rfd8 21. Qb1 Rb8 22. Nd6 Bxd6 23. exd6 Qb6 24. Bxd5 Nd3 25. Re3 Nxb2 26. Bxe6 Nd3 27. Bxf7+ Kxf7 28. Rc7+ Kg8 29. Qa1 Qxc7 30. dxc7 Re8 31. cxb8Q Rxb8 32. Re7 Ra8 1-0

[Event "Madurai Athens of the East op-C 4th"]
[Site "Madurai"]
[Date "2024.12.28"]
[Round "3"]
[White "Ebin, Benny"]
[Black "Suman, Maity"]
[Result "1-0"]
[WhiteElo "1796"]
[BlackElo "1649"]
[PlyCount "103"]
[EventDate "2024.12.28"]
[EventType "swiss"]
[EventRounds "9"]
[EventCountry "IND"]
[SourceTitle "CB02_2025"]
[SourceDate "2025.01.08"]
[SourceVersion "1"]
[SourceVersionDate "2025.01.08"]
[SourceQuality "1"]

1. d4 d5 2. c4 e6 3. Nf3 Nf6 4. g3 b6 5. cxd5 exd5 6. Bg2 Bb4+ 7. Nc3 0-0 8. Bd2 Re8 9. 0-0 Ba6 10. Ne5 Bxc3 11. Bxc3 Ne4 12. Bb4 c5 13. Ba3 f6 14. Nd3 c4 15. Nf4 Bb7 16. f3 Ng5 17. Re1 Na6 18. Qd2 b5 19. h4 Ne6 20. Nxe6 Rxe6 21. b4 Qb6 22. Bb2 Rae8 23. Kf2 Re3 24. Bc3 Qe6 25. a3 Nb8 26. Bb2 Nd7 27. Bc1 Rb3 28. a4 a5 29. bxa5 b4 30. e4 dxe4 31. fxe4 Qa6 32. Qc2 Rc3 33. Qd2 Qxa5 34. Bb2 Rd3 35. Qc2 Ba6 36. Bf1 b3 37. Qc1 Rd2+ 38. Re2 Rxe2+ 39. Bxe2 Nb6 40. Bc3 Qxa4 41. Rxa4 Nxa4 42. Qa1 Nxc3 43. Qxc3 Rc8 44. g4 Kf7 45. Ke1 g6 46. g5 f5 47. exf5 gxf5 48. d5 Bb5 49. Qf6+ Ke8 50. Qe6+ Kd8 51. Qb6+ Rc7 52. d6 1-0